[Event "San Sebastian op 38th"]
[Site "San Sebastian"]
[Date "2015.04.02"]
[Round "7"]
[White "Cendagortagalarza Rodriguez, Jos"]
[Black "Erice Alonso, Santiago"]
[Result "1/2-1/2"]
[WhiteElo "1768"]
[BlackElo "1999"]
[PlyCount "57"]
[EventDate "2015.03.28"]
[EventType "swiss"]
[EventRounds "9"]
[EventCountry "ESP"]
[SourceTitle "CBM 165 Extra"]
[Source "ChessBase"]
[SourceDate "2015.04.21"]
[SourceVersion "1"]
[SourceVersionDate "2015.04.21"]
[SourceQuality "1"]

1. e4 c5 2. Nf3 Nc6 3. d4 cxd4 4. Nxd4 g6 5. Nc3 Bg7 6. Be3 Nf6 7. Nxc6 bxc6 8. e5 Ng8 9. f4 Nh6 10. Be2 0-0 11. Qd2 d6 12. 0-0-0 Be6 13. exd6 exd6 14. Bd4 Bxd4 15. Qxd4 Nf5 16. Qf2 d5 17. g4 Nd6 18. f5 gxf5 19. gxf5 Bxf5 20. h4 Rb8 21. Qd4 f6 22. Nxd5 cxd5 23. Qxd5+ Kh8 24. Qxd6 Qa5 25. Bc4 Rfd8 26. Qe7 Re8 27. Qd6 Red8 28. Qe7 Re8 29. Qd6 1/2-1/2